Представление документа в формате MARC21

Поле Инд. ПП Название Значение
Тип записи a
Библиографический уровень z
001 Контрольный номер RU/IS/BASE/278852082
005 Дата корректировки 20250318103316.3
008 Кодируемые данные 20081101
040 b Код языка каталог. rus
e Правила каталог. PSBO
041 0_ a Код языка текста rus
084 a Индекс другой классификации/Индекс ББК 67.410.2(2Рос)я73; 67.410.201(2Рос)я73; 67.410.204(2Рос)я73; 67.410.21(2Рос)я73
100 1_ a Автор Шаталов А. С.
245 10 a Заглавие Уголовно-процессуальное право Российской Федерации
b Продолж. заглавия учебное пособие в схемах
260 a Место издания Москва
c Дата издания 2006
300 a Объем 410 с.
336 a Термин вида содержания Текст
337 a Термин типа средства электронный
650 04 a Основная рубрика право
a Основная рубрика процессуальное право
a Основная рубрика судопроизводство
a Основная рубрика уголовное процессуальное право
653 0_ a Ключевые слова возбуждение уголовного дела
a Ключевые слова доказательства
a Ключевые слова доказывание
a Ключевые слова должностное лицо
a Ключевые слова досудебное производство
a Ключевые слова жалобы
a Ключевые слова исполнение приговора
a Ключевые слова международное сотрудничество
a Ключевые слова международные организации
a Ключевые слова меры процессуального принуждения
a Ключевые слова мировые суды
a Ключевые слова мировые судьи
a Ключевые слова образцы документов
a Ключевые слова органы дознания
a Ключевые слова пересмотр приговоров
a Ключевые слова предварительное расследование
a Ключевые слова приговор
a Ключевые слова присяжные заседатели
a Ключевые слова производство в суде
a Ключевые слова производство в суде второй инстанции
a Ключевые слова производство в суде первой инстанции
a Ключевые слова прокурор
a Ключевые слова процессуальные документы
a Ключевые слова Российская Федерация
a Ключевые слова Россия
a Ключевые слова следователи
a Ключевые слова судебное производство
a Ключевые слова судебное разбирательство
a Ключевые слова суды
a Ключевые слова уголовное судопроизводство
a Ключевые слова уголовный процесс
a Ключевые слова участники уголовного судопроизводства
a Ключевые слова ходатайство
655 a Жанр/ форма (устаревшее) учебное пособие
773 18 t Заглавие источника КонсультантПлюс: Электронная библиотека студента
d Дата издания источника 2008
w Контрольный № источника RU/IS/BASE/278761189
856 40 a Имя сервера/домена Библиотечная система Университета "Дубна"
d Путь http://lib.uni-dubna.ru/MegaPRO/Web
i Указания/сценарий входа Доступ по номеру читательского билета и фамилии читателя
u URL http://lib.uni-dubna.ru/MegaPro/UserEntry?Action=FindDocs&ids=118528&idb=ec_110
y Справочный текст Электронная версия
900 a Имя электронного ресурса shatalov_ugprpravo
x Справочная информация Полный текст
901 t Тип документа 0
952 a Тип литературы для КСУ ВШ УИ